00979nam a2200217 a 450000100100000000500170001000800410002702000150006804000250008324500960010824600360020426000750024030000500031549000450036550400730041070000440048371000600052783000520058795201050063999900170074400004220520201002040014.0131119s2000 sp f 000 0 spa d a8400078772 aDO-SdBNPbspacBNPHU00aSiete Palabras de Cristo en la cruz /cestudio y edición José Vicente González Valle.10a7 Palabras de Cristo en la cruz aBarcelona :bConsejo Superior de Investigaciones Científicas,c2000. a1 partitura (118 p.) :bil., mús. ;c32 cm.1 aMonumentos de la música españolav41 aIncluye referencias bibliográficas y notas al pie de las páginas1 aGonzález Valle, José Vicente9674372 aConsejo Superior de Investigaciones Científicas94786 0aMonumentos de la música españolav41965588 001050718MOaGRbGRcCTd2013-11-19iLF1l0o p42205-10r2020-06-25w2020-06-25y1ZNo se presta c41694d41694